[Event "BI-2013-F-0011"]
[Site "LSS email"]
[Date "2014.02.21"]
[Round "?"]
[White "Lizorkina, Veronika"]
[Black "Volkov, Aleksandr Valentovi"]
[Result "1-0"]
[WhiteElo "1918"]
[BlackElo "2074"]
[PlyCount "55"]
[EventDate "2014.02.27"]
[EventType "tourn (corr)"]
[EventRounds "10"]
[EventCountry "GER"]
[SourceTitle "Corr 2015"]
[Source "ChessBase"]
[SourceDate "2015.07.17"]
[SourceVersion "1"]
[SourceVersionDate "2015.07.17"]
[SourceQuality "1"]

1. e4 c5 2. Nf3 Nc6 3. Bb5 g6 4. Nc3 Bg7 5. 0-0 Nd4 6. Ba4 a6 7. Nxd4 cxd4 8. Ne2 b5 9. Bb3 Bb7 10. d3 e6 11. a4 Ne7 12. Qe1 Nc6 13. Bd2 Qh4 14. Ng3 0-0 15. f4 Rfc8 16. f5 Rf8 17. Qc1 h6 18. Rf4 Qe7 19. Rf2 Kh7 20. Qf1 Bf6 21. Qe2 Rab8 22. axb5 axb5 23. Raf1 Ne5 24. c3 dxc3 25. bxc3 Ra8 26. d4 Nc6 27. e5 Bh4 28. f6 1-0

[Event "BI-2013-F-0011"]
[Site "LSS email"]
[Date "2014.02.21"]
[Round "?"]
[White "Pavlicek, Miroslav"]
[Black "Volkov, Aleksandr Valentovi"]
[Result "0-1"]
[WhiteElo "1553"]
[BlackElo "2074"]
[PlyCount "52"]
[EventDate "2014.02.27"]
[EventType "tourn (corr)"]
[EventRounds "10"]
[EventCountry "GER"]
[SourceTitle "Corr 2015"]
[Source "ChessBase"]
[SourceDate "2015.07.17"]
[SourceVersion "1"]
[SourceVersionDate "2015.07.17"]
[SourceQuality "1"]

1. d4 Nf6 2. c4 g6 3. Nc3 Bg7 4. e4 d6 5. Nf3 0-0 6. h3 e5 7. d5 a5 8. Bg5 Na6 9. Qd2 Nc5 10. Bd3 c6 11. Bc2 cxd5 12. exd5 Bd7 13. 0-0 Qb6 14. b3 Nh5 15. Be3 Nf4 16. a3 Rfe8 17. Rfe1 f5 18. Rab1 Qa6 19. a4 Qb6 20. Nb5 Nh5 21. Ng5 e4 22. Bd1 Nf6 23. b4 axb4 24. Rxb4 Ra6 25. Ne6 Bxe6 26. Nd4 Qa5 0-1

[Event "BI-2013-F-0011"]
[Site "LSS email"]
[Date "2014.02.21"]
[Round "?"]
[White "Volkov, Aleksandr Valentovi"]
[Black "Cardoso Garcia, Sergio"]
[Result "1/2-1/2"]
[WhiteElo "2074"]
[BlackElo "2003"]
[PlyCount "33"]
[EventDate "2014.02.27"]
[EventType "tourn (corr)"]
[EventRounds "10"]
[EventCountry "GER"]
[SourceTitle "Corr 2015"]
[Source "ChessBase"]
[SourceDate "2015.07.17"]
[SourceVersion "1"]
[SourceVersionDate "2015.07.17"]
[SourceQuality "1"]

1. e4 c5 2. Nc3 g6 3. Nf3 Bg7 4. d4 cxd4 5. Nxd4 Nc6 6. Be3 d6 7. Qd2 Nf6 8. f3 0-0 9. Bc4 Bd7 10. 0-0-0 Rc8 11. Bb3 Ne5 12. h4 h5 13. Kb1 Nc4 14. Bxc4 Rxc4 15. Nb3 Qb8 16. Bd4 Rfc8 17. Qe3 1/2-1/2

[Event "BI-2013-F-0011"]
[Site "LSS email"]
[Date "2014.02.21"]
[Round "?"]
[White "Volkov, Aleksandr Valentovi"]
[Black "Loginov, Pavel"]
[Result "1/2-1/2"]
[WhiteElo "2074"]
[BlackElo "1888"]
[PlyCount "23"]
[EventDate "2014.02.27"]
[EventType "tourn (corr)"]
[EventRounds "10"]
[EventCountry "GER"]
[SourceTitle "Corr 2015"]
[Source "ChessBase"]
[SourceDate "2015.07.17"]
[SourceVersion "1"]
[SourceVersionDate "2015.07.17"]
[SourceQuality "1"]

1. d4 d5 2. Nf3 Nf6 3. Bf4 c5 4. e3 Nc6 5. c3 Qb6 6. Qb3 c4 7. Qxb6 axb6 8. Na3 Bf5 9. Nb5 Ra5 10. a4 e6 11. Be2 Kd7 12. Nd2 1/2-1/2

[Event "SA-2013-0-00361"]
[Site "LSS email"]
[Date "2013.08.19"]
[Round "?"]
[White "Salzmann, Stefan"]
[Black "Volkov, Aleksandr Valentovi"]
[Result "1/2-1/2"]
[WhiteElo "2107"]
[BlackElo "2059"]
[PlyCount "68"]
[EventDate "2013.07.29"]
[EventType "tourn (corr)"]
[EventRounds "6"]
[EventCountry "GER"]
[SourceTitle "Telechess CBM 167"]
[Source "ChessBase"]
[SourceDate "2015.07.13"]
[SourceVersion "1"]
[SourceVersionDate "2015.07.13"]
[SourceQuality "1"]

1. d4 Nf6 2. c4 g6 3. Nc3 Bg7 4. e4 d6 5. Nf3 0-0 6. h3 e5 7. d5 a5 8. Bg5 Na6 9. Be2 Nc5 10. Nd2 Bd7 11. 0-0 h6 12. Be3 Qe7 13. Qc2 b6 14. Rae1 Nh7 15. Nb5 Rac8 16. a3 f5 17. b4 axb4 18. axb4 Nxe4 19. Nxe4 fxe4 20. Nc3 Ng5 21. Bxg5 Qxg5 22. Nxe4 Qe7 23. Bd3 h5 24. Ra1 Ra8 25. Ra2 Rxa2 26. Qxa2 Rf7 27. Ra1 Bh6 28. Qc2 Bf5 29. c5 Kg7 30. cxb6 cxb6 31. Ng3 Bxd3 32. Qxd3 h4 33. Ne4 Qd8 34. Qb5 Rc7 1/2-1/2

[Event "SA-2013-0-00361"]
[Site "LSS email"]
[Date "2013.08.19"]
[Round "?"]
[White "Volkov, Aleksandr Valentovi"]
[Black "Khan, Valery"]
[Result "1/2-1/2"]
[WhiteElo "2059"]
[BlackElo "2109"]
[PlyCount "49"]
[EventDate "2013.07.29"]
[EventType "tourn (corr)"]
[EventRounds "6"]
[EventCountry "GER"]
[SourceTitle "Telechess CBM 167"]
[Source "ChessBase"]
[SourceDate "2015.07.13"]
[SourceVersion "1"]
[SourceVersionDate "2015.07.13"]
[SourceQuality "1"]

1. e4 c5 2. Ne2 Nf6 3. Nbc3 d5 4. exd5 Nxd5 5. Nxd5 Qxd5 6. Nc3 Qe5+ 7. Be2 Bg4 8. f3 Bf5 9. 0-0 Nc6 10. Bb5 e6 11. d3 Qd4+ 12. Kh1 Rc8 13. Ne4 Be7 14. Bf4 0-0 15. c3 Qd5 16. Qe2 Rfd8 17. Rfd1 Bg6 18. h3 h6 19. Bc4 Qd7 20. a3 Na5 21. Ba2 b6 22. b4 Nb7 23. d4 cxd4 24. cxd4 Nd6 25. d5 1/2-1/2

[Event "SA-2013-0-00361"]
[Site "LSS email"]
[Date "2013.08.19"]
[Round "?"]
[White "Volkov, Aleksandr Valentovi"]
[Black "Kudr, Roman"]
[Result "1/2-1/2"]
[WhiteElo "2059"]
[BlackElo "2090"]
[PlyCount "51"]
[EventDate "2013.07.29"]
[EventType "tourn (corr)"]
[EventRounds "6"]
[EventCountry "GER"]
[SourceTitle "Telechess CBM 167"]
[Source "ChessBase"]
[SourceDate "2015.07.13"]
[SourceVersion "1"]
[SourceVersionDate "2015.07.13"]
[SourceQuality "1"]

1. e4 c5 2. Ne2 Nc6 3. d4 cxd4 4. Nxd4 Nf6 5. Nc3 e5 6. Ndb5 d6 7. Bg5 a6 8. Na3 b5 9. Bxf6 gxf6 10. Nd5 f5 11. Bd3 Be6 12. Qh5 Rg8 13. c3 Rxg2 14. Qf3 Rg4 15. exf5 Bxd5 16. Qxd5 Ne7 17. Qb7 Qc8 18. Qxc8+ Nxc8 19. Nc2 Nb6 20. Nb4 Ke7 21. 0-0-0 Rf4 22. Kb1 Kf6 23. f3 d5 24. Nxd5+ Nxd5 25. Be4 Rxe4 26. fxe4 1/2-1/2

[Event "BI-2013-P-00004"]
[Site "LSS email"]
[Date "2013.04.22"]
[Round "?"]
[White "Muhl, Patrick"]
[Black "Volkov, Aleksandr Valentovi"]
[Result "1-0"]
[WhiteElo "2355"]
[BlackElo "2059"]
[PlyCount "137"]
[EventDate "2013.04.25"]
[EventType "tourn (corr)"]
[EventRounds "10"]
[EventCountry "GER"]
[SourceTitle "Telechess CBM 167"]
[Source "ChessBase"]
[SourceDate "2015.07.13"]
[SourceVersion "1"]
[SourceVersionDate "2015.07.13"]
[SourceQuality "1"]

1. d4 Nf6 2. c4 g6 3. Nc3 Bg7 4. e4 d6 5. Nf3 0-0 6. Be2 e5 7. 0-0 Nc6 8. d5 Ne7 9. b4 Ne8 10. Rb1 f5 11. Ng5 h6 12. Ne6 Bxe6 13. dxe6 fxe4 14. Nxe4 Nf5 15. e7 Nxe7 16. b5 Kh8 17. Rb3 Nf5 18. Rh3 Qe7 19. Bd3 c6 20. Ng3 Qe6 21. bxc6 bxc6 22. Re1 Nd4 23. Rh4 Qf6 24. Rg4 Nf5 25. Bxf5 gxf5 26. Nh5 Qf7 27. Rh4 f4 28. c5 Rd8 29. Nxg7 Qxg7 30. Bb2 Rf5 31. g3 Qg5 32. Rg4 Qh5 33. Rxf4 Qxd1 34. Rxd1 Rxf4 35. gxf4 d5 36. Bxe5+ Kh7 37. Rd3 a5 38. Rg3 Rd7 39. Rb3 Re7 40. Rb6 Re6 41. Rb7+ Kg6 42. f3 Nf6 43. Kf2 Nh5 44. a4 Kf5 45. Rf7+ Kg6 46. Rf8 Ng7 47. Rg8 Re7 48. Ke3 h5 49. Kd3 h4 50. Rf8 Rf7 51. Rc8 Ne6 52. Rxc6 Kf5 53. Rc8 Rb7 54. c6 Rb3+ 55. Ke2 d4 56. c7 Rc3 57. Ra8 Nxc7 58. Rxa5 Ke6 59. Bxd4 Rb3 60. f5+ Kd7 61. Ra7 Kc6 62. f4 Nd5 63. Be5 Kb6 64. f6 Nxf6 65. Bd4+ Kc6 66. Bxf6 Rh3 67. a5 Rxh2+ 68. Kf3 Kb5 69. f5 1-0

[Event "BI-2012-F-00004"]
[Site "LSS email"]
[Date "2013.02.15"]
[Round "?"]
[White "Kobryn, Wieslaw"]
[Black "Volkov, Aleksandr Valentovi"]
[Result "1/2-1/2"]
[WhiteElo "1948"]
[BlackElo "2075"]
[PlyCount "76"]
[EventDate "2013.02.20"]
[EventType "tourn (corr)"]
[EventRounds "10"]
[EventCountry "GER"]
[SourceTitle "Telechess CBM 163"]
[Source "ChessBase"]
[SourceDate "2014.11.11"]
[SourceVersion "2"]
[SourceVersionDate "2014.11.11"]
[SourceQuality "1"]

1. e4 c5 2. Nf3 Nc6 3. d4 cxd4 4. Nxd4 Nf6 5. Nc3 e5 6. Ndb5 d6 7. Bg5 a6 8. Na3 b5 9. Nd5 Be7 10. Bxf6 Bxf6 11. c3 0-0 12. Nc2 Bg5 13. a4 bxa4 14. Rxa4 a5 15. Bc4 Rb8 16. b3 Kh8 17. Nce3 Ne7 18. 0-0 Nxd5 19. Nxd5 f5 20. exf5 Bxf5 21. Qe2 Bd7 22. Ra2 Be6 23. Rd1 Rc8 24. g3 Bh6 25. Qe1 Bf7 26. Bb5 Rb8 27. Qe2 Qg5 28. Qf1 Bh5 29. Rda1 Bf3 30. Bc4 Qh5 31. Rxa5 Be4 32. Qe2 Qxe2 33. Bxe2 Rxb3 34. c4 Bxd5 35. Rxd5 Rb2 36. Bf3 g6 37. Rd3 e4 38. Bxe4 Rfxf2 1/2-1/2